<?xml version="1.0" encoding="UTF-8"?><?xml-stylesheet type="text/xsl" href="static/style.xsl"?><OAI-PMH xmlns="http://www.openarchives.org/OAI/2.0/" xmlns:xsi="http://www.w3.org/2001/XMLSchema-instance" xsi:schemaLocation="http://www.openarchives.org/OAI/2.0/ http://www.openarchives.org/OAI/2.0/OAI-PMH.xsd"><responseDate>2026-06-02T06:44:49Z</responseDate><request verb="GetRecord" identifier="oai:riubu.ubu.es:10259/4479" metadataPrefix="marc">https://riubu.ubu.es/oai/request</request><GetRecord><record><header><identifier>oai:riubu.ubu.es:10259/4479</identifier><datestamp>2022-04-26T11:42:11Z</datestamp><setSpec>com_10259_2699</setSpec><setSpec>col_10259_2713</setSpec></header><metadata><record xmlns="http://www.loc.gov/MARC21/slim" xmlns:doc="http://www.lyncode.com/xoai" xmlns:xsi="http://www.w3.org/2001/XMLSchema-instance" xmlns:dcterms="http://purl.org/dc/terms/" xsi:schemaLocation="http://www.loc.gov/MARC21/slim http://www.loc.gov/standards/marcxml/schema/MARC21slim.xsd">
<leader>00925njm 22002777a 4500</leader>
<datafield tag="042" ind1=" " ind2=" ">
<subfield code="a">dc</subfield>
</datafield>
<datafield tag="720" ind1=" " ind2=" ">
<subfield code="a">Alonso Centeno, Almudena</subfield>
<subfield code="e">author</subfield>
</datafield>
<datafield tag="260" ind1=" " ind2=" ">
<subfield code="c">2017</subfield>
</datafield>
<datafield tag="520" ind1=" " ind2=" ">
<subfield code="a">Similares características en el contexto cultural de un grupo humano son susceptibles de generar semejantes soluciones culturales. Así, con el objetivo de obtener datos universales que puedan ser extrapolables en el tiempo y en el espacio, se ha realizado el análisis comparado de los grupos humanos prehistóricos y actuales del lago Baikal (Siberia).&#xd;
Por otro lado, ante la ausencia de referencias directas a las disciplinas de Antropología y Arqueología en los currículos de Educación Secundaria Obligatoria, la investigación aborda el tratamiento de contenidos específicos, propios de estas disciplinas, para la comprensión del funcionamiento y estructura de las sociedades humanas. Para ello, se diseña e implementa un programa de innovación docente en una muestra de 112 alumnos/as de Educación Secundaria, tomando como modelo los grupos prehistóricos y actuales del lago Baikal. Los resultados obtenidos evidencian mejoras significativas en la comprensión de conceptos sociales.</subfield>
</datafield>
<datafield tag="024" ind2=" " ind1="8">
<subfield code="a">http://hdl.handle.net/10259/4479</subfield>
</datafield>
<datafield tag="024" ind2=" " ind1="8">
<subfield code="a">10.36443/10259/4479</subfield>
</datafield>
<datafield ind1=" " ind2=" " tag="653">
<subfield code="a">Arqueología</subfield>
</datafield>
<datafield ind1=" " ind2=" " tag="653">
<subfield code="a">Antropología</subfield>
</datafield>
<datafield ind1=" " ind2=" " tag="653">
<subfield code="a">Baikal</subfield>
</datafield>
<datafield ind1=" " ind2=" " tag="653">
<subfield code="a">Educación</subfield>
</datafield>
<datafield ind1=" " ind2=" " tag="653">
<subfield code="a">Ciencias Sociales</subfield>
</datafield>
<datafield ind1=" " ind2=" " tag="653">
<subfield code="a">Archaeology</subfield>
</datafield>
<datafield ind1=" " ind2=" " tag="653">
<subfield code="a">Anthropology</subfield>
</datafield>
<datafield ind1=" " ind2=" " tag="653">
<subfield code="a">Education</subfield>
</datafield>
<datafield ind1=" " ind2=" " tag="653">
<subfield code="a">Social Sciences</subfield>
</datafield>
<datafield tag="245" ind1="0" ind2="0">
<subfield code="a">Análisis comparativo de los grupos humanos actuales y prehistóricos del lago Baikal (Siberia) y su tratamiento didáctico en la enseñanza de las Ciencias Sociales</subfield>
</datafield>
</record></metadata></record></GetRecord></OAI-PMH>